| 000 | 00000nas 2200000za 4500 |
| 001 | 9.843099 |
| 003 | CaOODSP |
| 005 | 20221107152452 |
| 007 | cr ||||||||||| |
| 008 | 170906d19801980oncar p oss f0###b0fre|d |
| 022 | |y0228-5126 |
| 040 | |aCaOODSP|bfre |
| 041 | |aeng|afre |
| 043 | |an-cn--- |
| 086 | 1 |aCS12-205-PDF |
| 245 | 00|aIndex to Statistics Canada questionnaires |h[ressource électronique] = |bIndex des questionnaires de Statistique Canada. |
| 246 | 11|aIndex des questionnaires de Statistique Canada |
| 260 | |aOttawa : |bStatistics Canada, Standards Division = Statistique Canada, Division des normes,|c1981. |
| 310 | |aAnnuel |
| 362 | 0 |a1980. |
| 500 | |aÉdition numérisée de l’imprimé [par Statistique Canada]. |
| 546 | |aTexte en anglais et en français. |
| 692 | 07|2gccst|aStatistique |
| 710 | 1 |aCanada. |bStatistique Canada. |bDivision des normes. |
| 780 | 00|tIndex to microfiche of Statistics Canada surveys = |w(CaOODSP)9.877328 |
| 785 | 00|tIndex to the Inventory of Statistics Canada questionnaires on microfiche |w(CaOODSP)9.843340 |
| 791 | |tIndex to Statistics Canada questionnaires |eeng|w(CaOODSP)9.843097 |